000 00641nam a22001697a 4500
020 _a0-960240-35-4
041 _afre
080 _a81
090 _bMON
100 _aMonod, Pierre A.R.
245 _aDanger... Anglicismes!
260 _aSaint-Boniface
_beditions du ble
_c1982
300 _a134
520 _aCe livre sadresse tant aux francophones quaux anglophones interesses aux usages errones de termes supposement francais qui proviennent de la langue anglaise. Cet ouvrage sadresse autant au public en general quaux professeurs, quaux etudiants de tous niveaux.
_0Textbooks, Social Sciences,
650 _aFrench
999 _c280596
_d280596
942 _cBK